000 00652nam a22001937a 4500
999 _c188792
_d188792
005 20220603143749.0
010 _aENG-132992
020 _a9789354498886
_c499.00
035 _aEN-116524
037 _bDBAD/PUB
082 _a485
100 _aSood, Geeta
245 _aComprehensive Grammar & Composition:
_bUpper Middle & Secondary School/
_cGeeta Sood and Anima Chakraverty
260 _aNoida
_bPearson India Education Services Pvt. Ltd
_c2022
270 _aworld Trade Tower, 15th Floor, Plot no. C-01, Sector-16
_bNoida
_e201301
300 _a512p.
_c25cm(pbk)
700 _aChakraverty, Anima
942 _2ddc
_cEN
_mSOO
_h485